| 000 | 00627nam a2200205Ia 4500 | ||
|---|---|---|---|
| 008 | 220216s9999 xx 000 0 und d | ||
| 100 | _aSusamma A P | ||
| 245 | 0 | _aAmidino phenyl thiourea as a secondary accelerator for the vulcanisation of natural rubber-polychloroprene blends | |
| 260 |
_bJournal of Rubber Research _c2008 |
||
| 300 | _a111-123 | ||
| 520 | _aDL | ||
| 650 | _aAmino phenyl thiourea | ||
| 650 | _aBlend vulcanisation | ||
| 650 | _aPolychloroprene rubber | ||
| 650 | _aSecondary accelerator | ||
| 650 | _aUnfilled and filled systems | ||
| 700 | _aKuriakose A P | ||
| 700 | _aMini A M | ||
| 942 | _cJS | ||
| 999 |
_c54075 _d54075 |
||